000 00825nam a22002537a 4500
005 20170123162340.0
010 _a407863
020 _c00.00
035 _a407863
037 _bCen Lib/Ret
040 _aDPL
_bUR
082 _a921
_bا ب و
100 _aابل کلام آزاد
_9126534
245 _aآزاد کی کہانی خود آزاد کی زبانی /
_cابل کلام آزاد
246 _aAzad ki kahani khud azad ki zabani /
_bby Abul Kalam Azad
260 _bمقتبہ اشایت قران
_c1965
_aدہلی
270 _bدہلی
300 _a400p.
_c18cm(Hb)
650 _aادب -- اردو
_9126535
650 _aاردوسوانے عمری
_9108678
650 _aLiterature -- Urdu
_9126536
650 _aUrdu biography
_9511
942 _2ddc
_cUR
_h921
_mا ب و
999 _c108424
_d108424